Largest Countries in the World with a Map - Statistics

General Stats
  • This quiz has been taken 346 times
    193 since last reset
  • The average score is 10 of 10
Answers on the Map
Answers color-coded by a green-red scale on the quiz's map according to % correct below.
 
Answer Stats
Rank Answer % Correct
3 United States of America
100%
5 Brazil
98%
2 Canada
98%
4 China
98%
7 India
98%
1 Russia
98%
6 Australia
97%
8 Argentina
92%
9 Kazakhstan
91%
10 Algeria
88%
No matching quizzes found
Score Distribution
Percent of People with Each Score
Percentile by Number Answered
Your Score History
You have not taken this quiz since the last reset